| 000 | 02566nam a22003017a 4500 | ||
|---|---|---|---|
| 001 | 1628 | ||
| 003 | FISKH | ||
| 005 | 20250530115158.0 | ||
| 008 | 230912b cb ||||| |||| 00| 0 khr d | ||
| 020 | _a59789995054762 | ||
| 040 |
_aFISKH _beng _cFISKH _dFISKH |
||
| 082 | _a649.15 | ||
| 100 | _aKhai, Chut | ||
| 245 |
_aក្មេងវត្ត សម័យបារាំង / _cរូបគំនូរដោយ ៖ ច័ន្ទ វិត្ថារិន្ទ |
||
| 250 | _aបោះពុម្ពលើកទី៨ ខែវិច្ឆិកា ឆ្នាំ២០២២ | ||
| 260 |
_aPhnom Penh : _bSipar, _c2022. |
||
| 300 |
_a73 pages : _billustrations ; _c19 cm |
||
| 490 | _aអក្សរសិល្ប៍យុវវ័យ | ||
| 505 | _aZ' | ||
| 520 | _aជុះអាចម៍ដាក់កុដិ លួចចង្ហាន់លោកស៊ី ចាក់ដៃលោកគ្រូនឹងស្លាបប៉ាការវើរវាយរឿងស្នេហា ជក់មើលល្ខោន ទាស់គ្នាព្រោះដណ្ដើមសំណែនអ្នកតា។ ក្មេងវត្តជំនាន់នោះនៅកុដិជាមួយគ្នាជាក្រុមៗ។ ពួកគេបរិភោគអាហារពីរពេលក្នុង១ថ្ងៃ រៀនអាននិងសរសេរអក្សរក្រោមការបង្ហាត់បង្ហាញរបស់ព្រះសង្ឃ ហើយត្រូវតបស្នងគុណលោកវិញដោយការច្របាច់ គក់ ពេលលោកឈឺថ្កាត់ និងដាំទឹកប្រគេនលោកជាដើម។ ក្មេងៗរៀនពូកែត្រូវលោកគ្រូបញ្ចូនឳ្យទៅរៀននៅ"សាលាបារាំង"។ | ||
| 520 | _aThe pagoda boys at that time stayed as groups in a room. They ate two meals a day, learned to read and write under the guidance of monks, and had to repay him by massaging him when he was sick and boiling water for him. Excellent students were sent by the teacher to study at the “French school” . | ||
| 521 | 8 |
_a920
_bLexile estimate |
|
| 521 | 8 |
_aZ'
_bRaz-Plus |
|
| 650 |
_aក្មេងវត្ត _vលួច _xឈ្លោះទាស់ទេង _yតបស្នង |
||
| 650 |
_aPagoda boy _vStealing _xArguing _yRepay |
||
| 700 |
_aVitharin, Chan _eillustrator |
||
| 942 |
_2ddc _cKHB _n0 |
||
| 999 |
_c1628 _d1628 |
||